Wszyscy Mistrzowie Świata w Siatkówce - Statystyki

Ogólne statystyki
  • Ten quiz został rozwiązany 396 razy
  • Średni wynik to 6 z 7
Statystyki odpowiedzi
Tytuły Odpowiedź % Poprawnych
3 Polska
100%
3 Brazylia
96%
6 Rosja
92%
3 Włochy
90%
1 USA
88%
1 Niemcy
82%
2 Czechy
36%
Nie znaleziono quizów pasujących do podanych kryteriów
Rozkład punktacji
Procent ludzi z każdym wynikiem
Percentyl według liczby udzielonych odpowiedzi
Twoja historia wyników
Nie rozwiązałeś tego quizu